| 000 | 00627nam a2200205 i 4500 | ||
|---|---|---|---|
| 001 | 54795 | ||
| 003 | ES-MaACL | ||
| 005 | 20250901032925.0 | ||
| 007 | t| | ||
| 008 | 960729s1883 tu ||||1| fre d | ||
| 040 |
_aCAM _bspa _cCAM |
||
| 100 | 1 |
_aGabuzzi, G. _953173 |
|
| 245 | 1 | 3 |
_aLe pélerinage et le choléra au Hedjaz _b: ineficacité des quarantaines dans la Mer Rouge / _cpar G. Gabuzzi. |
| 260 |
_aConstantinople : _b[s.n.], _c1883. |
||
| 300 |
_a15 p. ; _c24 cm. |
||
| 650 | 7 |
_aCólera _2embne _911143 |
|
| 650 | 4 |
_aPeregrinaciones- _zLa Meca. _9136678 |
|
| 852 |
_aES-MaACL _jT-383-F-11 |
||
| 999 |
_c54795 _d54795 |
||